000
00255nam a2200097Ia 4500
001
1188086
005
20250827021024.0
008
250824s9999 xx 000 0 und d
245
0
_a
KORKUSUZ KAHRAMANLAR AYKANAT SARE
_c
RABİA TUNÇ
260
_b
CARPEDİEM
999
_c
1188086
_d
1188086